Sports Quiz

Random Sports or NHL Quiz

NHL League Leaders 2012 Quiz Stats

 Plays Quiz Updated Feb 7, 2020

Support Sporcle.
Go Orange.
Score 0/17 Timer 05:00
0 Plays Today
Stat Player % Correct
Points (109)Evgeni Malkin
95.5%
Goals (60)Steven Stamkos
93.6%
Assists (67)Henrik Sedin
91.6%
Shutouts (10)Jonathan Quick
78.4%
Wins (43)Pekka Rinne
71.8%
Powerplay Assists (32)Claude Giroux
70.7%
Plus/Minus (+36)Patrice Bergeron
58.9%
Powerplay Goals (18)James Neal
58.3%
Least Losses (12) (At Least 41 games played)Jaroslav Halak
55.9%
Stat Player % Correct
Fighting Majors (20) (2 Possible Answers)Shawn Thornton
52.9%
Goals Against Average (1.56)Brian Elliott
51.8%
Time on Ice Per Game (26:54)Brian Campbell
35.1%
Shifts (2668)Alex Pietrangelo
25.8%
Hits (374)Matt Martin
20.2%
Blocked Shots (250)Josh Gorges
15.5%
Penalty Minutes (235)Derek Dorsett
14.7%
Games Played (84)Daniel Winnik
12.4%

You're not logged in!

Compare scores with friends on all Sporcle quizzes.
OR
Log In
Forgot?

From the Vault

Shortest Country (Europe) A-Z Blitz

by Flick

Geography 60s
Who knew the EU had a height requirement?
Remove Ads.
Support Sporcle.
Get the best of Sporcle when you Go Orange. This ad-free experience offers more features, more stats, and more fun while also helping to support Sporcle. Thank you for becoming a member.

Show Comments

Extras

Top Quizzes Today


Score Distribution

Your Account Isn't Verified!

In order to create a playlist on Sporcle, you need to verify the email address you used during registration. Go to your Sporcle Settings to finish the process.

Report this User

Report this user for behavior that violates our Community Guidelines.

Details: